Sombras en el paraíso = Varjoja paratiisissa /

Película que examina la realidad social en Finlandia a través de la historia de un hombre que recoge la basura con una vida banal en una gran metrópoli y se enfrenta a la soledad, a la muerte de su amigo y una mala relación con una cajera de supermercado. Interactúa con marginados, gente necesitada...

Бүрэн тодорхойлолт

-д хадгалсан:
Номзүйн дэлгэрэнгүй
Үндсэн зохиолч: Kaurismäki, Aki (realización)
Бусад зохиолчид: Kaurismäki, Aki (guión) (guión), Salminen, Timo (fotógrafo) (fotógrafo), Hilkamo, Tuula (vestuario) (vestuario), Talvio, Raija (montaje) (montaje), Pellonpää, Matti (música) (música), Outinen, Kati (actuación) (actuación), Kuosmanen, Saku (actuación) (actuación), Pellonpää, Matti (actuación) (actuación)
Формат: Гулсуулах
Хэвлэсэн: Finlandia : Villealfa Filmproductions, 1986
Цуврал:(Cinefilia!)
(Aki Kaurismäki. Trilogía del Proletariado)
Нөхцлүүд:
Шошгууд: Шошго нэмэх
Шошго байхгүй, Энэхүү баримтыг шошголох эхний хүн болох!

MARC

LEADER 00000ngm^a2200000^a^4500
001 000300999
005 20250521000000.0
009 20260310112530.54
037 |a Acervo ITESO - Biblioteca 
041 |a OTR 
082 |a 894. 541  |b KAU V. 1 T. 1 
100 |a Kaurismäki, Aki  |e (realización) 
240 1 1 |a [Trilogía del proletariado] 
240 1 1 |a [Sombras en el paraíso] 
245 1 0 |a Sombras en el paraíso =  |b Varjoja paratiisissa /  |c Realización de A. Kaurismäki. 
264 1 |a Finlandia :  |b Villealfa Filmproductions,  |c 1986 
264 2 |a México :  |b Optima Films [distribución],  |c copyright fecha no identificada 
300 |a 1 DVD regiones 1 y 4 (74 min.) :  |b color 
336 |a imagen móvil bidimensional  |b tdi  |2 rdacontenido 
337 |a video  |b v  |2 rdamedio 
338 |a videodisco  |b vd  |2 rdasoporte 
440 1 |a (Cinefilia!) 
440 1 |a (Aki Kaurismäki.  |p Trilogía del Proletariado) 
520 |a Película que examina la realidad social en Finlandia a través de la historia de un hombre que recoge la basura con una vida banal en una gran metrópoli y se enfrenta a la soledad, a la muerte de su amigo y una mala relación con una cajera de supermercado. Interactúa con marginados, gente necesitada de amor y manifiesta la humildad y la dignidad humanas. Pero, a diferencia de los demás, quiere progresar y salir adelante. El tercer largometraje dirigido por el cineasta finlandés Aki Kaurismäki, quien después de acometer una adaptación de Crimen y castigo (1983) en su ópera prima, estableció en esta película varias de las constantes que caracterizaran de su filmografía posterior: el estilo depurado, el tono dramático medio o plano, una mirada solidaria con sus criaturas y en suma, una voluntad encaminada a la total economía del relato cinematográfico. El tempranamente fallecido Matti Pellonpää (1951-95) y la siempre magnífica Kati Outinen encarnan aquí una de las parejas "kaurismäticas" más entrañables. 
520 |a Suplementos y características especiales: 1) Galería con diez fotografías de la película. 
530 |a Existe una edición en formato audiovisual en VHS con el mismo título 
546 |a En finlandés, con subtítulos opcionales: español 
649 |a XX 
650 |a Marginados Sociales en el Cine 
650 |a Marginados Sociales -  |z Finlandia -  |x Condiciones Sociales y Culturales -  |x Tema Principal 
650 |a Minimalismo en el Cine 
650 |a Comedias Románticas 
650 |a Comedias Cinematográficas 
650 |a Cine Finlandés -  |y 1980-1989 
650 |a Cine Finlandés -  |y Siglo XX 
650 |a Amor 
650 |a Relaciones de Pareja 
650 |a Relaciones Intergénero 
650 |a Esperanza 
650 |a Vacío (Filosofía) 
650 |a Empleo y Desempleo -  |z Finlandia 
650 |a Marginación -  |z Finlandia -  |x Tema Principal 
650 |a Problemas Sociales -  |z Finlandia 
650 |a Zonas Urbanas -  |z Finlandia -  |x Condiciones Sociales y Culturales 
650 |a Finlandia -  |x Condiciones Sociales y Culturales 
650 |a Finlandia -  |x Historia -  |y Siglo XX 
650 |a Finlandia -  |x Condiciones Sociales y Culturales 
650 |a Finlandia -  |x Historia -  |y Siglo XX 
700 |a Kaurismäki, Aki  |e (guión) 
700 |a Salminen, Timo  |e (fotógrafo) 
700 |a Hilkamo, Tuula  |e (vestuario) 
700 |a Talvio, Raija  |e (montaje) 
700 |a Pellonpää, Matti  |e (música) 
700 |a Outinen, Kati  |e (actuación) 
700 |a Kuosmanen, Saku  |e (actuación) 
700 |a Pellonpää, Matti  |e (actuación) 
910 |a Fondo General 
920 |a Audiovisuales - DVDs 
940 |a Películas 
905 |a 302 
901 |a 0500198561  |b IT2  |c DVS  |i C118759  |u 20250521 
902 |a https://opac.biblio.iteso.mx/vufind/Record/000300999